| 000 | 00516nam a2200181 i 4500 | ||
|---|---|---|---|
| 001 | 29972 | ||
| 003 | ES-MaACL | ||
| 005 | 20230906154122.0 | ||
| 007 | t| | ||
| 008 | 030123s1969 sp ||||1| spa d | ||
| 100 | 1 |
_aBaron, A. L. _925765 |
|
| 245 | 1 | 0 |
_aHombres contra los gérmenes / _cA. L. Baron ; [versión española de Ramón Alonso]. |
| 250 | _a1ª ed. | ||
| 260 |
_aBarcelona : _bCaralt, _c1969. |
||
| 300 |
_a300 p. ; _c20 cm. |
||
| 700 | 1 |
_aAlonso, Ramón. _920239 |
|
| 852 |
_aES-MaACL _jC-39648 _bR.71482 |
||
| 999 |
_c29972 _d29972 |
||